[Event "Magas m"]
[Site "Magas"]
[Date "2016.07.20"]
[Round "6"]
[White "Model game 4: Gelfand, Boris"]
[Black "Inarkiev, Ernesto"]
[Result "1-0"]
[WhiteElo "2734"]
[BlackElo "2730"]
[Annotator "Gelfand,B/Kuljasevic,D"]
[PlyCount "65"]
[EventDate "2016.07.13"]
[EventType "match"]
[EventRounds "6"]
[EventCountry "RUS"]
[SourceTitle "CBM 174"]
[Source "ChessBase"]
[SourceDate "2016.09.13"]
[SourceVersion "1"]
[SourceVersionDate "2016.09.13"]
[SourceQuality "1"]

1. d4 Nf6 2. c4 e6 3. Nf3 b6 4. g3 Ba6 5. b3 d5 6. Bg2 Bb4+ 7. Bd2 Be7 8. cxd5
exd5 9. O-O O-O 10. Nc3 Re8 {This is the main tabiya of this system. I have
some expierence with both colours. Sergey Karjakin had used it with big
success in the latest Candidates tournament.} 11. Ne5 Bb7 12. Bc1 {This is a
side line system, but pretty playable.} Nbd7 13. Bb2 Bd6 (13... Bf8 {is an
alternative. It would transpose to a game from Botvinnik-Bronshtein WCh match!
For the curious readers I have included some more games in my annotations,
both modern and classical ones.} 14. f4 (14. Rc1 Nxe5 15. dxe5 Rxe5 16. Nb5 Re7
17. Bxf6 gxf6 18. e4 dxe4 19. Qg4+ Bg7 20. Rfd1 Qf8 21. Nd4 Bc8 22. Qh4 f5 23.
Nc6 Re8 24. Bh3 Bh6 25. Rc2 e3 {0-1 (39) Botvinnik,M-Bronstein,D Moscow 1951})
14... c5 15. e3 cxd4 16. exd4 Ne4 17. Nxe4 dxe4 18. Qe2 Nf6 19. g4 a5 (19...
Nd5 20. Bxe4 f6 21. Qd3 g6 22. Bxg6 Re7 23. Nf7 Rxf7 24. Bxf7+ Kxf7 25. Qxh7+
Bg7 26. g5 Qd6 27. g6+ Kf8 28. Rae1 Nb4 $13 {0-1 (43) Evans,L (2545)-Larsen,B 
(2625) San Antonio 1972}) 20. g5 Ba6 21. Qe3 Bxf1 22. Rxf1 Nd7 23. Bxe4 Nxe5
24. fxe5 Rc8 25. Bd3 Re7 26. Qe4 $44 {1/2 (48) Anton Guijarro,D (2639)
-Harikrishna,P (2755) Caleta ENG 2016}) 14. f4 {[%csl Re4,Ye5][%cal Ge2e3] [#]
This is clearly a more ambitious move than Giri's 14.Nd3. This move does
weaken the e4-square irreparably, but on the pro side White keeps a strong
knight on e5.} c5 (14... Ne4 {led to an impressive victory of 6th World
Champion. However it can hardly be attributed to an opening success:} 15. Nxe4
dxe4 {[%csl Gb7,Ge4,Ye5]} 16. e3 Nf6 17. a3 c5 $6 {[%cal Gb2d4]} ({In fact,
Black position is probably for preference after} 17... a5 $1 18. Qc2 Qe7 $15 {
[%csl Rb2][%cal Rd4d5,Yb7d5]}) 18. Qe2 cxd4 19. Bxd4 {[%csl Yd4,Ye5]} Qe7 20.
b4 a5 $6 (20... Qe6) 21. b5 $14 {[%csl Rb6]} Bxe5 22. Bxe5 Nd7 23. Bd4 Nc5 24.
f5 $1 Nd7 $2 (24... f6 {[%csl Yd4][%cal Gg3g5,Gh2h4]}) 25. f6 Qe6 (25... Nxf6
26. Rxf6 gxf6 27. Qg4+ $18) 26. Qh5 Ne5 27. Rf5 Ng6 28. fxg7 Rad8 29. Qxh7+ $1
{1-0 (27) Botvinnik,M-Padevsky, N Monte Carlo 1968}) 15. e3 {Black has many
plans here and no doubt it would be tried in further games. My opponent went
for the most straightforward one.} cxd4 16. exd4 {[#]} Bb4 {[%cal Gb4c3,Gf6e4]
Inarkiev obviously plans to exchange on c3, followed by Ne4. This is a
reasonable idea although there was a better way to fight for the e4-square.} (
16... a6 $142 17. Qd3 b5 $132 {[%cal Gb5b4]}) 17. Rc1 Bxc3 18. Rxc3 {I decided
to take with a rook, as I was not impressed by the following line:} (18. Bxc3
Ne4 19. Qh5 Nxe5 20. fxe5 Qe7) 18... Ne4 {[%csl Ye4]} 19. Rc2 {I do believe
that has more point to have a rook here rather than on c1, as they can be
doubled. The rook can also join an attack on the second row.} Nf8 $2 {[%csl
Rf7] A grave mistake, which allows White to start a mating attack. Black had 2
options in his disposal:} (19... f6 {[%csl Ye5] was the most natural choice in
my opinion. Now White has many options: There is an interesting option, but it
is hard to to be sure without a computer help:} 20. Bxe4 ({Probably my
opponent has rejected it because of} 20. Nc6 Bxc6 21. Rxc6 f5 22. Qh5 (22. Qd3
Ndf6 $13) 22... g6 {and White has an option to take a draw:} (22... Nb8 23. Rd6
$1 {is a cute line} ({or} 23. Rc7 $1)) 23. Rxg6+ hxg6 24. Qxg6+) (20. Nd3 f5
21. Ne5 {is possible with a long game, where White's chances are slightly more
preferable.}) 20... dxe4 {leaves White with slightly better chances:} (20...
fxe5 21. Bxd5+ $1 (21. Bxh7+ Kxh7 22. fxe5 Kg8) 21... Bxd5 22. dxe5 Be4 (22...
Nc5 23. Rd2) 23. Rd2 Bc6 24. Rd6 Qc7 25. Qd4 {and it seems that Black are not
in time to double their pieces on long diagonal.} Rac8 26. Rc1 Nc5 27. b4 Ba8
28. bxc5 bxc5 29. Qa4 $1 Qb7 $140 30. Qb3+) 21. Nc4 e3 (21... Nf8 22. Ba3 (22.
Ne3 Ba6 23. Re1 Ne6 $13) 22... Qd7 23. Nd6 Re6 24. Nxb7 Qxb7 25. d5 $14) 22.
Nd6 Qe7 23. Nxe8 Qe4 24. Qf3 $14) (19... Ndf6 {[%cal Ge4d6,Gf6e4] was a
reasonable plan, with the idea to put knights on d6 and e4:} 20. Qd3 (20. g4
Nd6) 20... Nd6 21. Rfc1 Rc8 22. Rxc8 Bxc8 23. Ba3 {would lead to a complicated
game. Probably White is slightly better.}) 20. Qh5 {Suddenly it is not easy to
protect the f7-pawn.} g6 (20... Nd6 21. f5 f6 22. Nc6 {was probably the lesser
evil, but still White has a huge advantage}) (20... Re7 21. Ba3 Rc7 22. Rxc7
Qxc7 23. Rc1) (20... Qe7 21. Ba3) 21. Qh6 {[%csl Rg8][%cal Gg2e4,Gd4d5]
Suddenly White has a mating attack.} f6 ({In case of} 21... Nd6 22. g4 f6 {
I would have to find} 23. f5 $1 (23. Nc6 $2 {allows} Qd7 $1 24. Bxd5+ Nf7 {
and Black is doing fine}) 23... fxe5 24. f6 Qd7 25. dxe5 {with an easy win.
Taking into account that I found a similiar idea on move 23 I hope I would be
able to find it here as well.}) 22. Bxe4 fxe5 (22... dxe4 23. Ng4 {[%csl Rf6]
[%cal Gf4f5,Gd4d5] is also bad} Rc8 (23... e3 24. d5 $1) (23... Bd5 24. f5) 24.
Rxc8 (24. d5 Rxc2 25. Nxf6+ Kf7 26. f5 $1) 24... Bxc8 25. f5 $1 Bxf5 26. Rxf5
gxf5 27. Nxf6+ Kf7 {and now the most stylish is} 28. d5 $1) 23. f5 $1 {[%cal
Gf5f6,Gf6f7] The pawn joins the attack and Black is hopeless.} ({The computer
shows as the most convincing the following line:} 23. Bxg6 $1 hxg6 24. f5)
23... Re7 (23... dxe4 24. f6) 24. Bg2 {[%csl Yb2,Gc2,Gf1,Gg2,Yh6][%cal Gb2a3]}
e4 25. Ba3 Rf7 (25... Rg7 26. Bh3) 26. fxg6 (26. Rcf2 {was also winning.})
26... Rxf1+ 27. Bxf1 Nxg6 28. Rf2 ({The computer says it was also possible to
win by} 28. Bh3 Bc8 29. Rc6 $3 {, but I missed that move.}) 28... Qd7 ({
I considered} 28... Rc8 {to be the most stubborn:} 29. Bh3 Rc6 30. Bf5 Rf6 {
Still white is winning easily after for example} 31. h4) 29. Bh3 Qc6 30. Be7 $1
{A nice way to add the bishop to the attack. The f6-square is critical.} e3 (
30... Nxe7 31. Be6+) 31. Rf6 Qc1+ ({I was hoping for a nice mate:} 31... e2 32.
Be6+ Kh8 33. Rf8+ $1 Rxf8 34. Qxf8+ $1 Nxf8 35. Bf6#) 32. Rf1 Qc6 33. Bf6 1-0

[Event "Saint Louis rapid"]
[Site "Saint Louis"]
[Date "2017.08.14"]
[Round "1"]
[White "Model game 5: Aronian, Levon"]
[Black "Navara, David"]
[Result "1-0"]
[WhiteElo "2799"]
[BlackElo "2737"]
[Annotator "Kuljasevic, Davorin"]
[PlyCount "61"]
[EventDate "2017.08.14"]
[EventType "tourn (rapid)"]
[EventRounds "9"]
[EventCountry "USA"]
[EventCategory "21"]
[SourceTitle "CBM 180"]
[Source "ChessBase"]
[SourceDate "2017.09.13"]
[SourceVersion "1"]
[SourceVersionDate "2017.09.13"]
[SourceQuality "1"]

{[%evp 0,61,27,27,27,5,5,5,28,20,41,0,11,11,14,14,24,24,24,24,28,25,27,27,27,
-14,21,-7,-2,25,55,43,40,24,22,-27,-24,-2,14,14,3,3,0,-92,-93,-196,-88,-73,-31,
32,79,107,117,103,126,197,203,630,29991,29992,29993,29994,29999,-30000]} 1. d4
Nf6 2. c4 e6 3. Nf3 b6 4. g3 Ba6 5. b3 Bb4+ 6. Bd2 Be7 7. Nc3 O-O 8. Bg2 d5 9.
cxd5 exd5 10. O-O Re8 11. Ne5 Bb7 {In this game, we will examine} 12. Qc2 $5 {
[%cal Ga1d1,Gf1e1,Gd2f4,Ye2e4] [#] a move that prepares Rad1 with the e3-e4
break in mind. As usual, Black has two viable strategies:} c5 {[%csl Rd4]} ({
and the restrained} 12... Nbd7 $5 13. Rad1 {[%cal Yd2f4,Yf4g5,Yd2c1,Yc1b2]
However, White is more flexible with his bishop here compared to the previous
variations so Black cannot just easily play} Bd6 (13... h6 {[%cal Rd2g5] is
met by} 14. Nb5 $1 c5 15. Bf4 Nf8 16. dxc5 bxc5 17. Nc4 $14 {[%csl Rc5,Rd5]
and White has the typical pressure against the hanging pawns.}) {in the view of
} 14. Bg5 $1 Nxe5 15. dxe5 Rxe5 16. Nxd5 Rxg5 17. Nxf6+ Qxf6 18. Bxb7 $14 {
[%csl Yb7,Rd6][%cal Gf2f4,Ge2e4,Ge4e5] White has the better end of an
opposite-colored bishops middlegame.}) 13. dxc5 bxc5 14. Rad1 {[%csl Rd5][%cal
Gd2g5] The pressure against the d5-pawn becomes quite unpleasant. Navara found
a good way to relieve it:} Qc8 $1 {[%csl Gb7,Yc8][%cal Yc8b7,Yd1d8] A strong
multipurpose move. The queen moves away from the line of fire while also
protecting the vulnerable b7-bishop.} (14... Na6 {would be strongly met by} 15.
Nc4 $1 $36 {[%csl Rd5][%cal Gd2g5,Gc4e3] when} Qc8 {wouldn't work anymore due
to} 16. Na5 $18 {[%csl Ya5,Rb7,Rd5]}) 15. e4 $1 {[#] Aronian carries out the
thematic pawn break, sharpening the situation in the center.} Bf8 {[%csl Re5]
A good way to keep the tension.} (15... d4 16. Nd5 Nxd5 17. exd5 $36 {[%csl
Gd5,Ge5]}) (15... dxe4 16. Nxe4 Nxe4 17. Bxe4 Bxe4 18. Qxe4 $16) (15... Qe6 $5)
16. f4 {[%csl Ye5][%cal Gf1f4] The sharpest continuation.} (16. Bf4 $5 $13 {
was also possible.}) 16... d4 17. Nd5 Nxd5 ({Black could continue keeping
tension with} 17... Nbd7 $5 $13) 18. exd5 {[%csl Yd5,Ye5] [#] Both players
have played a model game in the g3-Queen's Indian so far. Here Navara makes a
seemingly logical decision:} f6 $6 {He surely spotted that after the opening
of the b1-h7 diagonal for the queen on the previous move, Aronian was getting
ready to sacrifice his knight on f7. What can be a more natural way to defend
against a dangerous threat than to expel that piece from the dominant central
position with a tempo?} ({However, since Black is lagging in development, it
was more urgent to play} 18... Nd7 $1 {Navara was probably concerned about the
pin:} 19. Bh3 (19. Nc6 {is just for show - the knight is unstable on c6 after}
Nf6 $15 {threatening ...Nxd5.}) {White seems to just win material here, but
things are not so simple after} 19... Re7 $1 {The thing with such moves (just
like 24... Rd7!! in Mamedyarov-Lenderman) is that they are inconspicuous -
they just don't seem like they could be the best move in the position. Yet,
this exchange sacrifice would have given Navara much better chances than the
materialistic continuation in the game. White should not accept the sacrifice
immediately, but rather continue} 20. Nc6 ({If} 20. Nxd7 $2 Rxd7 $17 21. Bxd7
Qxd7 $19 {White would get slaughtered on the light squares.}) {when, besides
retreating to e8, Black can try to obtain initiative himself with a stunning
rook sacrifice:} 20... Re6 $3 {[#] The whole idea is to clear out the the
h1-a8 diagonal, which was weakened after 19.Bh3. But it can be done only with
a non-materialistic approach! After} 21. Bxe6 ({Black would obtain a strong
attack in case of} 21. dxe6 $6 Qxc6 22. exf7+ Kh8 23. Kf2 Nf6 $40) 21... fxe6
$13 {the position is very complicated, but Black has good compensation,
considering White's weakness on the light squares.}) ({The other way to
develop the knight} 18... Na6 $2 {would not work because of} 19. Nxf7 $1 Kxf7
20. Qxh7 $40 {and Black is missing his knight in defense. White's attack
becomes decisive quickly, for example:} Nc7 21. f5 Nxd5 22. Bxd5+ Bxd5 23. f6
$18) {I would imagine that in a rapid game most people would instinctively
retreat their knight to c4 or d3 here. Aronian, on the other hand, sensed that
the last black move seriously weakened his king's position and, realizing that
Black is not sufficiently developed, he started the attack with:} 19. Rde1 $3 {
[#] A brilliant intuitive piece sacrifice, which is even more impressive for a
rapid game.} fxe5 {Navara takes material,} ({although} 19... Nd7 $5 {was also
an option. White can ignore this and continue the attack with:} 20. Be4 $1 ({
or just play for positional advantage with} 20. Nc6 $16 {since Black can not
move his knight to f6 any more.}) 20... fxe5 21. Bxh7+ Kh8 22. fxe5 $40 {
and, similarly to the game, White would have a strong attack for the
sacrificed piece. Black would probably have to give up some material back:}
Bxd5 23. Qg6 Rxe5 24. Rxe5 Nxe5 25. Qh5 Qg4 26. Qxe5 Kxh7 27. Qxd5 Re8 $16 {
with a worse, but playable position.}) 20. fxe5 Nd7 {This was surely also the
first move of Aronian's calculation when he entered this variation.} ({However,
Black had another possibility:} 20... d3 $5 21. Qxd3 Ba6 22. Qf3 Bxf1 23. Rxf1
{[#] We can see from this position that 19.Rde1!! was largely an intuitive
sacrifice. It was impossible to calculate all details of the combination until
the end, but Aronian's intuition told him that even in this position where he
is down a rook, his strong central pawns supported by other pieces, just have
to prevail against more numerous, but severely underdeveloped black army. For
instance:} c4 $5 24. d6 Nd7 25. e6 $1 $40 {and White crashes through.}) 21. e6
Nf6 22. Rxf6 $1 {[#] This exchange sacrifice and the next move were surely
foreseen by Aronian on move 19. If White did not have these moves, his piece
sacrifice would have been refuted.} gxf6 23. Qf5 $1 $40 {This was the point of
Aronian's combination. He sacrificed a lot of material to gain attacking
momentum and now he is ready to send all of his pieces on black king. The
critical squares are h7 and f6. Black has such poor development and piece
coordination that his extra rook is practically meaningless in defense.
Importantly, White's central pawns serve as a barrier between white and black
pieces, allowing Aronian to develop his attack undisturbed.} Qd8 $2 {Navara
covers the f6-weakness, but this move loses quite easily.} ({Better defenses
were either} 23... Qc7 24. Re4 Rad8 25. Rg4+ Kh8 26. Rh4 Rxd5 27. Bxd5 Bxd5 28.
Qxd5 Qe7 29. Qf5 $16) ({or} 23... Re7 24. d6 Bxg2 25. dxe7 Bxe7 26. Kxg2 $16 {
in both cases giving back the extra rook to fend off a direct attack on the
king. The arising type of position with the strong e6-pawn should be winning
for White, but Black can still put up some resistance.}) 24. Re4 {Aronian
engages the heavy artillery first.} Re7 25. Rg4+ Kh8 (25... Rg7 {leads to a
forced checkmate on h7 after} 26. Be4 $18) 26. Be4 {Now the light-squared
bishop joins the attack, too, and Black is busted.} Rc8 27. Rh4 Kg8 ({Navara
probably realized that he can not defend the h7-pawn with} 27... Rcc7 {due to}
28. Qxf6+ Kg8 29. Rg4+ Bg7 30. Rxg7+ $1 {and the queen on d8 is not protected.}
Rxg7 31. Qxd8#) 28. Rxh7 Bxd5 29. Qg6+ Rg7 30. Qh5 $1 {[#] The final touch and
Black king is in the mating net.} Bxe4 31. Rh8# 1-0